| 000 | 01067cam a22002891 4500 | ||
|---|---|---|---|
| 001 | 24011 | ||
| 003 | BD-RjUL | ||
| 005 | 20211209001011.0 | ||
| 008 | 140312r19511919enkah 001 0beng | ||
| 035 | _a(BD-RjUL)24076 | ||
| 035 | _a(OCoLC)1432149 | ||
| 040 |
_aDLC _cTxDaU _dOCoLC _dDLC _beng |
||
| 041 | _aeng | ||
| 082 |
_220 _a937.06 _bGAL 1951 |
||
| 100 | 1 |
_aGaskell, Elizabeth Cleghorn, _d1810-1865. _973933 |
|
| 245 | 1 | 4 |
_aThe life of Charlotte Brontë / _cby Elizabeth C. Gaskell; with an introduction by Clement Shorter. |
| 260 |
_aLondon : _aNew York [etc.] : _bH. Milford, Oxford University Press, _cC1919 [reprinting 1951] |
||
| 300 |
_axxii, [2], 476 p. : _b1 illus., facsim. ; _c16 cm. |
||
| 500 | _a"First published in 1857. In the 'World's classics' ... first published in 1919." | ||
| 504 | _aincludes index | ||
| 600 | 1 | 0 |
_aBrontë, Charlotte, _d1816-1855. _973938 |
| 700 | 1 |
_aShorter, Clement King, _d1857-1926. _973936 |
|
| 942 |
_2ddc _cBK |
||
| 999 |
_c24011 _d24011 |
||